[Event "25e tournoi 1hKO"]
[Site "Montigny le Bretonneux"]
[Date "2023.05.21"]
[Round "7.15"]
[White "Cogez, Celine"]
[Black "Abdallaoui, Mohamed Mehdi"]
[Result "1-0"]
[WhiteElo "1505"]
[BlackElo "1352"]
[Annotator "Rivier,Sylvain"]
[PlyCount "81"]
[EventDate "2023.??.??"]

{Défense Caro-Kann, attaque Panov} 1. e4 c5 2. c3 e6 3. d4 cxd4 4. cxd4 d5 5.
exd5 exd5 6. Nc3 Nf6 7. Nf3 Bb4 8. Qa4+ Nc6 9. Bb5 Bd7 10. Bxc6 Bxc3+ 11. bxc3
Bxc6 12. Qb4 Qb6 13. Ba3 Qxb4 14. Bxb4 Bb5 15. a4 Ba6 16. O-O-O Ne4 17. Rhe1 f6
18. Nd2 O-O-O 19. Nxe4 dxe4 20. Rxe4 Rhe8 21. Rde1 Rxe4 22. Rxe4 Rd7 23. Kb2
Bc4 24. a5 a6 25. Bc5 Bf7 26. Bb6 Rd6 27. Re3 Kd7 28. Bc5 Re6 29. Ka3 Kc6 30.
Kb4 f5 31. c4 Rxe3 32. fxe3 g5 33. d5+ Bxd5 34. cxd5+ Kxd5 35. g3 h6 36. Bf8 h5
37. Bh6 g4 38. Bf4 Kc6 39. Kc4 b5+ 40. axb6 Kxb6 41. Kd5 1-0

[Event "25e tournoi 1hKO"]
[Site "Montigny le Bretonneux"]
[Date "2023.05.21"]
[Round "7.16"]
[White "Couradin, Bruno"]
[Black "Couradin, Jean-Marie"]
[Result "1/2-1/2"]
[WhiteElo "1343"]
[BlackElo "1476"]
[Annotator "Rivier,Sylvain"]
[PlyCount "92"]
[EventDate "2023.??.??"]

{Défense Nimzo-indienne, système Rubinstein} 1. d4 Nf6 2. c4 e6 3. Nc3 b6 4.
Nf3 Bb7 5. e3 d5 6. Bd3 Bb4 7. Bd2 O-O 8. a3 Be7 9. O-O c5 10. Qc2 Nbd7 11.
Rfe1 Re8 12. b3 Rc8 13. Rab1 cxd4 14. exd4 a6 15. Ne5 dxc4 16. bxc4 Bxa3 17.
Qb3 Bf8 18. Nxd7 Nxd7 19. Be3 Rc6 20. Be4 Rc7 21. Bf4 e5 22. dxe5 Nxe5 23. Qxb6
Bxe4 24. Nxe4 Rb7 25. Qc6 Rxb1 26. Rxb1 Qd3 27. Re1 Nxc4 28. Qxe8 Qd4 29. Be3
Qxe4 30. Rc1 Qd3 31. g3 Nd2 32. Bc5 Nf3+ 33. Kg2 h6 34. Qxf8+ Kh7 35. Qxf7 Ne5
36. Qf4 Qd5+ 37. Kf1 Nd3 38. Qd2 Qh1+ 39. Ke2 Nxc1+ 40. Ke3 Kg8 41. Ba3 Nb3 42.
Qc3 Qd5 43. Bb2 Qe6+ 44. Kf3 Qf7+ 45. Kg2 Qd5+ 46. Kf1 Qd1+ 1/2-1/2

[Event "25e tournoi 1hKO"]
[Site "Montigny le Bretonneux"]
[Date "2023.05.21"]
[Round "7.17"]
[White "Privat, Jean-Claude"]
[Black "Bozier, Teodor"]
[Result "1-0"]
[WhiteElo "1465"]
[BlackElo "1213"]
[Annotator "Rivier,Sylvain"]
[PlyCount "101"]
[EventDate "2023.??.??"]

{Gambit dame, défense slave, variante d'échange} 1. d4 d5 2. c4 c6 3. Nf3 Nf6
4. Nc3 e6 5. cxd5 cxd5 6. Bg5 h6 7. Bh4 Be7 8. e3 O-O 9. Bd3 Nc6 10. Rc1 a6 11.
O-O Bd7 12. Re1 Rc8 13. Bxf6 Bxf6 14. Bb1 Ne7 15. e4 Ng6 16. exd5 exd5 17. Nxd5
Rxc1 18. Nxf6+ Qxf6 19. Qxc1 Bg4 20. Ne5 Nxe5 21. dxe5 Qe7 22. Qc2 g6 23. Qe4
Bf5 24. Qe3 Bxb1 25. Rxb1 Re8 26. Re1 h5 27. h3 Qe6 28. b3 Re7 29. Qc3 Qb6 30.
Rc1 Kh7 31. Qc5 Qe6 32. Qd6 Kg7 33. Qxe6 Rxe6 34. Rc7 Rxe5 35. Rxb7 Re2 36. a4
Rb2 37. a5 Kf6 38. h4 Ke6 39. g3 f6 40. Kg2 Kf5 41. Kf3 g5 42. hxg5 fxg5 43.
Kg2 g4 44. Rb6 Ke5 45. Rxa6 Rxb3 46. Rh6 Kd5 47. Rxh5+ Kc6 48. Rf5 Kb7 49. Rf4
Rb5 50. Rxg4 Rxa5 51. Rc4 1-0

[Event "25e tournoi 1hKO"]
[Site "Montigny le Bretonneux"]
[Date "2023.05.21"]
[Round "7.18"]
[White "Nosperger, Theo"]
[Black "Durez, Gerard"]
[Result "1/2-1/2"]
[WhiteElo "1199"]
[BlackElo "1379"]
[Annotator "Rivier,Sylvain"]
[PlyCount "77"]
[EventDate "2023.??.??"]

{Défense moderne} 1. e4 c6 2. Nf3 g6 3. d4 Bg7 4. Nc3 e6 5. Bd3 Ne7 6. O-O O-O
7. Be3 b5 8. Qd2 f5 9. e5 b4 10. Ne2 Nd5 11. Bh6 Qe7 12. Bxg7 Qxg7 13. Nf4 Nxf4
14. Qxf4 a5 15. a3 Na6 16. Qd2 Bb7 17. Bxa6 Bxa6 18. Rfe1 Rfb8 19. axb4 axb4
20. Ra4 Qf8 21. h3 Bc4 22. Rea1 Rxa4 23. Rxa4 Bd5 24. Ne1 d6 25. exd6 Qxd6 26.
Nd3 b3 27. c3 Be4 28. Rb4 Bxd3 29. Rxb8+ Qxb8 30. Qxd3 Qb6 31. Qc4 Kf7 32. Kf1
g5 33. Ke2 h5 34. Ke3 h4 35. Kf3 Kf6 36. Qe2 Qc7 37. Qe3 Qd6 38. g3 Qd5+ 39.
Ke2 1/2-1/2

[Event "25e tournoi 1hKO"]
[Site "Montigny le Bretonneux"]
[Date "2023.05.21"]
[Round "7.19"]
[White "Bouloc, Roger"]
[Black "Baysse, Nathan"]
[Result "1-0"]
[WhiteElo "1357"]
[BlackElo "1199"]
[Annotator "Rivier,Sylvain"]
[PlyCount "111"]
[EventDate "2023.??.??"]

{Partie espagnole, variante Cordel} 1. e4 e5 2. Nf3 Nc6 3. Bb5 Bc5 4. c3 d6 5.
d4 exd4 6. cxd4 Bb6 7. d5 Bd7 8. dxc6 bxc6 9. Be2 Rb8 10. O-O Nf6 11. Nc3 O-O
12. h3 Re8 13. Bd3 Qc8 14. Bf4 Ba5 15. Qc2 Qd8 16. e5 Bxc3 17. bxc3 dxe5 18.
Bxe5 h6 19. Rfe1 Be6 20. Rad1 Nd7 21. c4 c5 22. Bf5 Rb4 23. Bxe6 Rxe6 24. a3
Rb7 25. Bg3 Rxe1+ 26. Rxe1 Qf6 27. Ne5 Nxe5 28. Rxe5 g6 29. Re8+ Kh7 30. Be5
Rb8 31. Rxb8 Qxe5 32. Qb2 Qe1+ 33. Kh2 g5 34. Rh8+ Kg6 35. Qc2+ f5 36. Qb2 Kf7
37. Rh7+ Ke6 38. Rxh6+ Kd7 39. Rh7+ Kd6 40. Qg7 Qe5+ 41. Qxe5+ Kxe5 42. Rxc7
Kd6 43. Rxa7 Kc6 44. Rg7 g4 45. f3 gxf3 46. gxf3 f4 47. h4 Kd6 48. h5 Ke6 49.
Rg6+ Kf7 50. a4 Ke7 51. a5 Kd7 52. a6 Kc7 53. h6 Kb8 54. Rg7 Kc8 55. h7 Kd8 56.
h8=Q# 1-0

[Event "25e tournoi 1hKO"]
[Site "Montigny le Bretonneux"]
[Date "2023.05.21"]
[Round "7.20"]
[White "El Yaalaoui, Adam"]
[Black "Garabedian, Christophe"]
[Result "1-0"]
[WhiteElo "1199"]
[BlackElo "1199"]
[Annotator "Rivier,Sylvain"]
[PlyCount "59"]
[EventDate "2023.??.??"]

{Gambit du roi} 1. e4 e5 2. f4 Nc6 3. Nf3 d6 4. Bb5 Bd7 5. O-O Be7 6. d3 Nh6 7.
Bxc6 Bxc6 8. fxe5 f5 9. exf6 Bxf6 10. e5 dxe5 11. Nxe5 Qd4+ 12. Kh1 Bxe5 13.
Bxh6 gxh6 14. c3 Bxg2+ 15. Kxg2 Rg8+ 16. Kf3 Qg4+ 17. Ke3 Qh3+ 18. Qf3 Bf4+ 19.
Ke2 Rg2+ 20. Rf2 Qxf3+ 21. Kxf3 Rxf2+ 22. Kxf2 Bxh2 23. Nd2 Kd7 24. Ne4 Rf8+
25. Kg2 Bd6 26. Rh1 Bf4 27. Rh4 Rg8+ 28. Kh3 Ke6 29. Rxf4 Ke5 30. Rf7 1-0

[Event "25e tournoi 1hKO"]
[Site "Montigny le Bretonneux"]
[Date "2023.05.21"]
[Round "7.21"]
[White "Druet, Arnaud"]
[Black "Moulun, Raphael"]
[Result "0-1"]
[WhiteElo "1199"]
[BlackElo "1355"]
[Annotator "Rivier,Sylvain"]
[PlyCount "59"]
[EventDate "2023.??.??"]

{Défense des deux cavaliers} 1. e4 e5 2. Nf3 Nf6 3. Nc3 Nc6 4. Bc4 Nxe4 5. Qe2
Nxc3 6. dxc3 d6 7. Ng5 d5 8. Bb3 Be6 9. Nxe6 fxe6 10. Ba4 Bd6 11. Bxc6+ bxc6
12. Qg4 Qf6 13. Qa4 O-O 14. O-O Rf7 15. Qg4 Raf8 16. Qe2 e4 17. Be3 Qe5 18. g3
c5 19. Rad1 Rf5 20. Kg2 h5 21. h4 R5f6 22. Rh1 Rg6 23. Rh3 Rf3 24. Bg5 Qf5 25.
Rd3 Rxf2+ 26. Qxf2 exd3 27. Qxf5 exf5 28. cxd3 Re6 29. Kf2 d4 30. c4 0-1

[Event "25e tournoi 1hKO"]
[Site "Montigny le Bretonneux"]
[Date "2023.05.21"]
[Round "7.22"]
[White "Tanchoux, Pierre"]
[Black "Genovart, Lucas"]
[Result "1-0"]
[WhiteElo "1236"]
[BlackElo "1199"]
[Annotator "Rivier,Sylvain"]
[PlyCount "61"]
[EventDate "2023.??.??"]

{Ouverture du pion dame, défense est-indienne} 1. d4 Nf6 2. Nf3 g6 3. e3 Bg7 4.
c3 d6 5. Bd3 O-O 6. Nbd2 Be6 7. O-O c5 8. Bc2 c4 9. e4 d5 10. e5 Nh5 11. Ng5
Nc6 12. Nxe6 fxe6 13. Nf3 b5 14. Be3 a5 15. Qd2 Rf7 16. Ng5 Rf8 17. Nxe6 Qe8
18. Nxf8 Qxf8 19. Qe2 Bh6 20. Bxh6 Qxh6 21. Qg4 Kf7 22. f4 e6 23. Qg5 Qxg5 24.
fxg5+ Ke7 25. Rf2 Rf8 26. Rxf8 Kxf8 27. Rf1+ Ke7 28. g4 Ng7 29. h4 b4 30. Bd1
a4 31. Bxa4 1-0

[Event "25e tournoi 1hKO"]
[Site "Montigny le Bretonneux"]
[Date "2023.05.21"]
[Round "7.23"]
[White "Christophe, Jules"]
[Black "Carbonero, Jean Marc"]
[Result "0-1"]
[WhiteElo "1009"]
[BlackElo "1027"]
[Annotator "Rivier,Sylvain"]
[PlyCount "80"]
[EventDate "2023.??.??"]

{Partie italienne} 1. e4 e5 2. Nf3 Nc6 3. Bc4 d6 4. O-O Be7 5. Nc3 Bg4 6. d3
Nd4 7. Be3 Nxf3+ 8. gxf3 Bh5 9. d4 Bg5 10. Kh1 Bxe3 11. fxe3 Nf6 12. Rg1 O-O
13. Qf1 a6 14. Qg2 g6 15. f4 b5 16. Be2 Qd7 17. Bxh5 Nxh5 18. Qg5 f6 19. Qxh5
Qg7 20. Qf3 c6 21. Rg2 b4 22. Ne2 Rac8 23. Rag1 f5 24. Ng3 exd4 25. Nxf5 Qf6
26. Rg5 Rc7 27. e5 dxe5 28. fxe5 Qe6 29. h4 Rcf7 30. e4 Qxe5 31. h5 Rf6 32.
hxg6 hxg6 33. Rxg6+ Kf7 34. Rg7+ Ke8 35. Qh5+ Kd8 36. Qh7 Qxe4+ 37. Kh2 Qf4+
38. R1g3 Qxf5 39. Rc7 Qxh7+ 40. Rh3 Qxh3+ 0-1

[Event "25e tournoi 1hKO"]
[Site "Montigny le Bretonneux"]
[Date "2023.05.21"]
[Round "7.24"]
[White "Zheng, Zhaokang"]
[Black "Orfila, Hugo"]
[Result "1-0"]
[WhiteElo "1009"]
[BlackElo "1009"]
[Annotator "Rivier,Sylvain"]
[PlyCount "33"]
[EventDate "2023.??.??"]

{Partie italienne} 1. e4 e5 2. Nf3 Nc6 3. Bc4 Bc5 4. Nc3 Nf6 5. d3 d6 6. Bg5
Bg4 7. h3 Bh5 8. Nd5 Nd4 9. Nxf6+ gxf6 10. Bh4 Nxf3+ 11. gxf3 O-O 12. Rg1+ Kh8
13. Qd2 Bxf3 14. Qh6 Rg8 15. Bxf6+ Qxf6 16. Qxf6+ Rg7 17. Qxg7# 1-0

[Event "25e tournoi 1hKO"]
[Site "Montigny le Bretonneux"]
[Date "2023.05.21"]
[Round "7.25"]
[White "Orfila, Leila"]
[Black "Robic, Raphael"]
[Result "0-1"]
[WhiteElo "1009"]
[BlackElo "1099"]
[Annotator "Rivier,Sylvain"]
[PlyCount "68"]
[EventDate "2023.??.??"]

{Partie italienne} 1. e4 e5 2. Nf3 Nc6 3. Nc3 Bc5 4. Bc4 Nf6 5. O-O O-O 6. d3
d6 7. Bg5 h6 8. Bxf6 Qxf6 9. Qe2 Na5 10. Rae1 Nxc4 11. dxc4 Qg6 12. g3 Bh3 13.
Nh4 Qf6 14. Nd5 Qd8 15. Ne7+ Qxe7 16. Nf5 Qd8 17. Ne3 Bxf1 18. Nxf1 Qf6 19. Ne3
Bxe3 20. Qxe3 Rab8 21. Rf1 b5 22. b3 bxc4 23. bxc4 Rb2 24. Qe1 Rxa2 25. c3 Ra4
26. f4 Rxc4 27. fxe5 Qxe5 28. Qb1 Rxc3 29. Rf2 c5 30. g4 d5 31. exd5 Rb8 32.
Qa1 Rg3+ 33. Kh1 Qxa1+ 34. Rf1 Qxf1# 0-1

[Event "25e tournoi 1hKO"]
[Site "Montigny le Bretonneux"]
[Date "2023.05.21"]
[Round "8.1"]
[White "Lamorelle, Julien"]
[Black "Lim, Chin"]
[Result "1-0"]
[WhiteElo "2296"]
[BlackElo "1903"]
[Annotator "Rivier,Sylvain"]
[PlyCount "56"]
[EventDate "2023.??.??"]

{DÃ©fense franÃ§aise, variante Steinitz} 1. e4 e6 2. d4 d5 3. Nc3 Nf6 4. e5
Nfd7 5. f4 c5 6. Nf3 Nc6 7. Be3 Be7 8. Qd2 O-O 9. Bd3 c4 10. Be2 b5 11. O-O Rb8
12. a3 a5 13. Kh1 Ba6 14. f5 b4 15. axb4 axb4 16. Nxd5 exd5 17. Rxa6 Rb6 18.
Rxb6 Qxb6 19. f6 gxf6 20. Bh6 fxe5 21. Bxf8 Bxf8 22. Nxe5 Ncxe5 23. dxe5 Qe6
24. Bf3 Nb6 25. Bh5 Qxe5 26. Bxf7+ Kg7 27. Qf2 Bd6 28. Qh4 b3 {suite illisible}
1-0

[Event "25e tournoi 1hKO"]
[Site "Montigny le Bretonneux"]
[Date "2023.05.21"]
[Round "8.2"]
[White "Piquard, Yaroslav"]
[Black "Fruchard, Cyrille"]
[Result "0-1"]
[WhiteElo "1616"]
[BlackElo "2330"]
[Annotator "Rivier,Sylvain"]
[PlyCount "52"]
[EventDate "2023.??.??"]

{DÃ©fense Nimzo-indienne, systÃ¨me Rubinstein} 1. e4 c6 2. d4 d5 3. exd5 cxd5
4. c4 Nf6 5. Nc3 e6 6. Nf3 Be7 7. Bf4 dxc4 8. Bxc4 O-O 9. O-O Nc6 10. h3 a6 11.
Rc1 Nb4 12. a3 Nbd5 13. Bh2 Nxc3 14. Rxc3 b5 15. Be2 Nd5 16. Rc1 Bb7 17. Ne5 b4
18. axb4 Nxb4 19. Bf3 Bxf3 20. Nxf3 Rc8 21. Rxc8 Qxc8 22. Qc1 Qb7 23. Qd2 Rc8
24. Ne1 Qb5 25. f4 Bf6 26. g4 Rc4 0-1

[Event "25e tournoi 1hKO"]
[Site "Montigny le Bretonneux"]
[Date "2023.05.21"]
[Round "8.3"]
[White "Divies, Renaud"]
[Black "Witkowski, Gwendal"]
[Result "1-0"]
[WhiteElo "1855"]
[BlackElo "1470"]
[Annotator "Rivier,Sylvain"]
[PlyCount "71"]
[EventDate "2023.??.??"]

{Ouverture anglaise, variante Botvinnik} 1. c4 Nf6 2. Nc3 c5 3. g3 e6 4. e4 Nc6
5. Bg2 Be7 6. Nge2 d6 7. d4 cxd4 8. Nxd4 Bd7 9. Ndb5 Qb8 10. Bf4 e5 11. Bg5 a6
12. Bxf6 gxf6 13. Na3 Qa7 14. Nd5 Rc8 15. O-O f5 16. Qh5 fxe4 17. Bxe4 Nd4 18.
Rac1 Be6 19. b4 Kd7 20. Nc3 Rcg8 21. h4 Bxh4 22. Qxh4 f5 23. Bg2 f4 24. Nd5
Bxd5 25. cxd5 fxg3 26. Bh3+ Ke8 27. Rc8+ Kf7 28. Qh5+ Kf6 29. Rxg8 Rxg8 30.
fxg3+ Nf3+ 31. Kg2 e4 32. Be6 Rg5 33. Qf7+ Ke5 34. Qf4+ Kd4 35. Rxf3 Rxg3+ 36.
Rxg3 1-0

[Event "25e tournoi 1hKO"]
[Site "Montigny le Bretonneux"]
[Date "2023.05.21"]
[Round "8.5"]
[White "Lamorelle, Alexey"]
[Black "Goujon, Antoine"]
[Result "0-1"]
[WhiteElo "1293"]
[BlackElo "1638"]
[Annotator "Rivier,Sylvain"]
[PlyCount "68"]
[EventDate "2023.??.??"]

{DÃ©fense sicilienne, Ã©tau de Maroczy} 1. e4 c5 2. Nf3 g6 3. c4 Nc6 4. d4 cxd4
5. Nxd4 Nf6 6. Nc3 d6 7. Be2 Nxd4 8. Qxd4 Bg7 9. Qd3 O-O 10. O-O Be6 11. f3 Rc8
12. b3 a6 13. Be3 Qa5 14. Qd2 Rfe8 15. Rac1 Nd7 16. f4 f5 17. exf5 Bxf5 18. Bd3
Bxc3 19. Rxc3 Bxd3 20. Qxd3 Qf5 21. Qd2 Nf6 22. Rd3 b5 23. cxb5 axb5 24. Bd4
Ne4 25. Qe2 d5 26. Be5 e6 27. Rh3 b4 28. Ra1 Nc3 29. Qd2 d4 30. Qf2 Red8 31.
Qh4 Rd7 32. g4 Ne2+ 33. Kh1 Qe4+ 34. Rf3 Rc1+ 0-1

[Event "25e tournoi 1hKO"]
[Site "Montigny le Bretonneux"]
[Date "2023.05.21"]
[Round "8.6"]
[White "Claisse, Patrick"]
[Black "Hoarau, Jules"]
[Result "1-0"]
[WhiteElo "1702"]
[BlackElo "1416"]
[Annotator "Rivier,Sylvain"]
[PlyCount "78"]
[EventDate "2023.??.??"]

{DÃ©fense scandinave} 1. e4 d5 2. exd5 Nf6 3. d4 Nxd5 4. c4 Nf6 5. Nc3 e5 6.
Nf3 exd4 7. Nxd4 Bb4 8. Qa4+ c6 9. Qxb4 Qxd4 10. Be3 Qe5 11. Be2 Na6 12. Qb3
O-O 13. Rd1 Nc7 14. Qb4 b6 15. Qd6 Qxd6 16. Rxd6 c5 17. Bf3 Rb8 18. O-O Ba6 19.
b3 Rfd8 20. Rfd1 Rxd6 21. Rxd6 Ne6 22. Nd5 Nxd5 23. cxd5 Nf8 24. Bxc5 Rc8 25.
Ba3 g6 26. h3 Bd3 27. Rc6 Bf5 28. Be2 Rxc6 29. dxc6 Bc8 30. b4 Ne6 31. b5 Nc5
32. Bxc5 bxc5 33. a4 Kf8 34. a5 Ke7 35. b6 axb6 36. axb6 Kd6 37. b7 Bxb7 38.
cxb7 Kc7 39. Bf3 f6 1-0

[Event "25e tournoi 1hKO"]
[Site "Montigny le Bretonneux"]
[Date "2023.05.21"]
[Round "8.7"]
[White "Martin-Breteau, Paul"]
[Black "Forissier, Nicolas"]
[Result "1-0"]
[WhiteElo "1506"]
[BlackElo "1887"]
[Annotator "Rivier,Sylvain"]
[PlyCount "31"]
[EventDate "2023.??.??"]

{Gambit du roi} 1. e4 e5 2. Nc3 Nf6 3. Bc4 Nc6 4. d3 Bc5 5. f4 d6 6. Nf3 Ng4 7.
Ng5 O-O 8. f5 Bf2+ 9. Kf1 Ne3+ 10. Bxe3 Bxe3 11. h4 Bxg5 12. hxg5 Qxg5 13. Nd5
Nd4 14. Rh5 Qd8 15. f6 gxf6 16. Qd2 1-0

[Event "25e tournoi 1hKO"]
[Site "Montigny le Bretonneux"]
[Date "2023.05.21"]
[Round "8.8"]
[White "Chevallier, Stephane"]
[Black "Sondermeijer, Antoine"]
[Result "1/2-1/2"]
[WhiteElo "1617"]
[BlackElo "1485"]
[Annotator "Rivier,Sylvain"]
[PlyCount "59"]
[EventDate "2023.??.??"]

{Ouverture anglaise, variante symÃ©trique classique} 1. c4 c5 2. Nc3 Nc6 3. g3
g6 4. Bg2 Bg7 5. Nf3 Nf6 6. O-O O-O 7. a3 a6 8. d4 cxd4 9. Nxd4 Re8 10. e3 Nxd4
11. exd4 d6 12. h3 Bd7 13. Bf4 Nh5 14. Be3 Nf6 15. Kh2 Qc7 16. c5 dxc5 17. Bf4
Qc8 18. dxc5 e5 19. Bg5 Bc6 20. b3 Bxg2 21. Kxg2 Qc6+ 22. Kh2 e4 23. Rc1 Red8
24. Qc2 Rd3 25. Rfe1 Rxc3 26. Qxc3 Ng4+ 27. hxg4 Bxc3 28. Rxc3 f6 29. Bf4 Re8
30. Re2 {suite illisible} 1/2-1/2

[Event "25e tournoi 1hKO"]
[Site "Montigny le Bretonneux"]
[Date "2023.05.21"]
[Round "8.9"]
[White "Nosperger, Mael"]
[Black "Zheng, Linyi"]
[Result "0-1"]
[WhiteElo "1334"]
[BlackElo "1561"]
[Annotator "Rivier,Sylvain"]
[PlyCount "48"]
[EventDate "2023.??.??"]

{DÃ©fense Alekhine, variante de chasse} 1. e4 e5 2. d3 Nf6 3. Nd2 d5 4. g3 dxe4
5. dxe4 Nc6 6. c3 Be6 7. Bg2 Be7 8. Ne2 Bc5 9. O-O O-O 10. h3 Nd7 11. Kh2 f5
12. exf5 Bxf5 13. Qb3+ Kh8 14. Qxb7 Bd3 15. Re1 Rxf2 16. Qxc6 Bxe2 17. Ne4 Bf3
18. Rg1 Re2 19. Bg5 Bxg1+ 20. Rxg1 Qc8 21. Kh1 Nf6 22. g4 Rxg2 23. Qxf6 Rxb2+
24. Rg2 Bxg2+ 0-1

[Event "25e tournoi 1hKO"]
[Site "Montigny le Bretonneux"]
[Date "2023.05.21"]
[Round "8.10"]
[White "Foare, Etienne"]
[Black "Briquet, Tom"]
[Result "1-0"]
[WhiteElo "1318"]
[BlackElo "1548"]
[Annotator "Rivier,Sylvain"]
[PlyCount "55"]
[EventDate "2023.??.??"]

{DÃ©fense des deux cavaliers} 1. e4 e5 2. Nf3 Nc6 3. d4 exd4 4. Bc4 Nf6 5. O-O
Bc5 6. e5 d5 7. exf6 dxc4 8. fxg7 Rg8 9. Bg5 Qd6 10. Re1+ Be6 11. Bf6 Ne7 12.
Ng5 O-O-O 13. Nxf7 Bxf7 14. Bxe7 Qc6 15. Bxd8 Rxg7 16. g3 Kxd8 17. Nd2 Bd5 18.
Qh5 d3 19. Re8+ Kd7 20. Re5 Bxf2+ 21. Kxf2 Rf7+ 22. Ke1 Be6 23. Ne4 d2+ 24.
Kxd2 Qb6 25. Nc5+ Kc8 26. Rxe6 Rd7+ 27. Nxd7 Qf2+ 28. Kc3 1-0

[Event "25e tournoi 1hKO"]
[Site "Montigny le Bretonneux"]
[Date "2023.05.21"]
[Round "8.11"]
[White "Branson, James"]
[Black "Guerin, Sasha"]
[Result "0-1"]
[WhiteElo "1537"]
[BlackElo "1194"]
[Annotator "Rivier,Sylvain"]
[PlyCount "73"]
[EventDate "2023.??.??"]

{Défense française, variante Rubinstein} 1. e4 e6 2. d4 d5 3. Nd2 dxe4 4. Nxe4
Nd7 5. Bg5 Be7 6. h4 Ngf6 7. Bd3 Nxe4 8. Bxe7 Qxe7 9. Bxe4 Qb4+ 10. Kf1 Qxb2
11. Rh3 Qb5+ 12. Ne2 Nb6 13. Kg1 Qd7 14. h5 c6 15. g4 Qe7 16. Qd3 h6 17. c4 Nd7
18. Rd1 Nf6 19. Bf3 Qd6 20. d5 cxd5 21. cxd5 exd5 22. Bxd5 Qxd5 23. Re3+ Be6
24. Qxd5 Nxd5 25. Rxd5 O-O 26. Rd2 Bxg4 27. Ng3 Rfe8 28. Rxe8+ Rxe8 29. Kg2 Be6
30. a3 Kf8 31. f4 f6 32. Kf2 Ke7 33. Rd4 Rg8 34. Rb4 b6 35. Ke3 Rc8 36. f5 Bf7
37. Re4+ {suite illisible} 0-1

[Event "25e tournoi 1hKO"]
[Site "Montigny le Bretonneux"]
[Date "2023.05.21"]
[Round "8.12"]
[White "Privat, Jean-Claude"]
[Black "Ferreira, Carlos"]
[Result "0-1"]
[WhiteElo "1465"]
[BlackElo "1675"]
[Annotator "Rivier,Sylvain"]
[PlyCount "60"]
[EventDate "2023.??.??"]

{DÃ©fense vieille indienne, variante ukrainienne} 1. d4 d6 2. Nf3 Nf6 3. c4
Nbd7 4. Nc3 c6 5. Bg5 e5 6. dxe5 dxe5 7. e3 Be7 8. Be2 Qc7 9. Qc2 h6 10. Bxf6
Nxf6 11. Nd2 O-O 12. O-O-O Be6 13. Nde4 Nd7 14. Ng3 Nb6 15. Nce4 f5 16. Nd2 a5
17. Bd3 g6 18. h4 h5 19. e4 f4 20. Ngf1 Nd7 21. f3 a4 22. a3 Nc5 23. Be2 Rad8
24. Kb1 Rd4 25. Re1 Rfd8 26. Rh2 Qa5 27. Qc3 Qxc3 28. bxc3 Rxd2 29. Nxd2 Rxd2
30. Bf1 Nb3 0-1

[Event "25e tournoi 1hKO"]
[Site "Montigny le Bretonneux"]
[Date "2023.05.21"]
[Round "8.13"]
[White "Suffert, Martin"]
[Black "Fayolle, Guy"]
[Result "0-1"]
[WhiteElo "1368"]
[BlackElo "1615"]
[Annotator "Rivier,Sylvain"]
[PlyCount "29"]
[EventDate "2023.??.??"]

{Ouverture du pion dame, dÃ©fense est-indienne} 1. d4 Nf6 2. Nf3 g6 3. Bf4 Bg7
4. e3 d6 5. Be2 Nbd7 6. O-O Nh5 7. Bg5 Nhf6 8. Bf4 O-O 9. h3 Ne4 10. Bh2 c5 11.
c3 Nb6 12. Nbd2 Nxd2 13. Qxd2 Bd7 14. dxc5 dxc5 15. Qc2 {suite illisible} 0-1

[Event "25e tournoi 1hKO"]
[Site "Montigny le Bretonneux"]
[Date "2023.05.21"]
[Round "8.14"]
[White "Hedjazian, Farhad"]
[Black "El Yaalaoui, Adam"]
[Result "0-1"]
[WhiteElo "1518"]
[BlackElo "1199"]
[Annotator "Rivier,Sylvain"]
[PlyCount "82"]
[EventDate "2023.??.??"]

{Défense est-indienne} 1. d4 Nf6 2. Nf3 g6 3. Bf4 d6 4. e3 Bg7 5. c4 Nbd7 6.
Be2 O-O 7. Nc3 c5 8. d5 a6 9. O-O Rb8 10. a4 Qa5 11. Qc2 Qc7 12. e4 Nh5 13. Bg5
Ne5 14. Nxe5 Bxe5 15. Bxh5 gxh5 16. f4 Bg7 17. Qf2 Bd4 18. f5 Bxf2+ 19. Rxf2 f6
20. Bh6 Re8 21. Rf3 Kf7 22. Ne2 Rg8 23. Raf1 Bd7 24. Nf4 Rg7 25. Nxh5 Rg4 26.
Nf4 Rh4 27. Ne6 Qa5 28. Rg3 Rg8 29. b4 Qxb4 30. Nd8+ Rxd8 31. Rg7+ Ke8 32. Rg8+
Kf7 33. Rg7+ Kf8 34. Rxh7+ Rxh6 35. Rxh6 Kg7 36. Rg6+ Kf7 37. Rg4 Qxc4 38. Rgf4
Qc2 39. R1f2 Qxa4 40. e5 Qa1+ 41. Rf1 Qxe5 0-1

[Event "25e tournoi 1hKO"]
[Site "Montigny le Bretonneux"]
[Date "2023.05.21"]
[Round "8.15"]
[White "Bouloc, Roger"]
[Black "Cogez, Celine"]
[Result "1-0"]
[WhiteElo "1357"]
[BlackElo "1505"]
[Annotator "Rivier,Sylvain"]
[PlyCount "72"]
[EventDate "2023.??.??"]

{DÃ©fense Caro-Kann, variante d'Ã©change} 1. e4 c6 2. d4 d5 3. exd5 cxd5 4. Nc3
Bf5 5. Bd3 Bxd3 6. Qxd3 e6 7. Bf4 Nc6 8. a3 a6 9. Nf3 Bd6 10. Bxd6 Qxd6 11. Ne2
Nf6 12. Ng3 O-O 13. b3 Rac8 14. O-O Rfe8 15. Rfe1 Ne7 16. a4 Nc6 17. c3 e5 18.
dxe5 Nxe5 19. Nxe5 Rxe5 20. c4 Rce8 21. Rxe5 Qxe5 22. Rf1 h5 23. cxd5 h4 24.
Nf5 Nxd5 25. Nxh4 Nf4 26. Qf3 Re7 27. Qd1 Qe4 28. Nf3 Nd3 29. Nd2 Qc6 30. Nf3
Qc3 31. h3 Re8 32. Qb1 Nb2 33. Ng5 g6 34. Rc1 Qxb3 35. Rc2 Qd3 36. Qxb2 Re1+
1-0

[Event "25e tournoi 1hKO"]
[Site "Montigny le Bretonneux"]
[Date "2023.05.21"]
[Round "8.16"]
[White "Moulun, Raphael"]
[Black "Kissian, Pascal"]
[Result "0-1"]
[WhiteElo "1355"]
[BlackElo "1523"]
[Annotator "Rivier,Sylvain"]
[PlyCount "52"]
[EventDate "2023.??.??"]

{Ouverture Bird} 1. f4 d5 2. c4 c6 3. Nf3 Bg4 4. e3 Nf6 5. Be2 e6 6. a3 Ne4 7.
O-O h5 8. Ng5 Nxg5 9. fxg5 Qxg5 10. d4 Bh3 11. Rf2 Bg4 12. e4 Qd8 13. Qe1 Qc7
14. Qf1 Qe7 15. Nc3 Nd7 16. exd5 Nf6 17. Bg5 Bf5 18. Re1 Qc7 19. Bf4 Qb6 20.
Be5 Qxb2 21. Rxf5 exf5 22. Bxf6 gxf6 23. Bxh5+ Be7 24. d6 Rxh5 25. Rxe7+ Kf8
26. Qe1 Qxa3 {suite illisible} 0-1

[Event "25e tournoi 1hKO"]
[Site "Montigny le Bretonneux"]
[Date "2023.05.21"]
[Round "8.17"]
[White "Couradin, Jean-Marie"]
[Black "Tanchoux, Pierre"]
[Result "1/2-1/2"]
[WhiteElo "1476"]
[BlackElo "1236"]
[Annotator "Rivier,Sylvain"]
[PlyCount "72"]
[EventDate "2023.??.??"]

{DÃ©fense sicilienne, variante Alapine} 1. e4 c5 2. c3 d6 3. d4 cxd4 4. cxd4
Nf6 5. Nc3 e6 6. Nf3 d5 7. e5 Nfd7 8. Bd3 Be7 9. O-O O-O 10. Be3 Nb6 11. b3 Nc6
12. Rc1 Nb4 13. Bb1 Bd7 14. a3 Na6 15. b4 Nc4 16. Qd3 g6 17. Bh6 Re8 18. Ne2
Bb5 19. Nc3 Qd7 20. Nxb5 Qxb5 21. Rc3 Rac8 22. Rfc1 Rc7 23. Ba2 Rec8 24. Nd2
Nxa3 25. Rxc7 Rxc7 26. Rxc7 Nxc7 27. Qxa3 Bxb4 28. Qxa7 Ne8 29. Qa8 Bxd2 30.
Bxd2 Kg7 31. Qa3 Nc7 32. Qb4 Qe2 33. g3 b5 34. Be3 Qxa2 35. Qe7 Qb1+ 36. Kg2
Qe4+ 1/2-1/2